Llwytho...

MADURAI CHOKANATHAR TAMIL VIDU THOOTHU

Manylion Llyfryddiaeth
Prif Awdur: ULAGANATHAN.S.DR
Fformat: Printed Book
Cyhoeddwyd: CHENNAI NCBH 2010
LEADER 00440nam a2200169 4500
020
082 |a 894.8111 CHO 
100 |a ULAGANATHAN.S.DR, 
245 |a MADURAI CHOKANATHAR TAMIL VIDU THOOTHU  |h TAMIL 
250
260 |a CHENNAI  |b NCBH  |c 2010 
300
650
700
942 |c BK 
999 |c 164263  |d 164263 
952 |0 0  |1 0  |4 0  |6 894_811100000000000_CHO  |7 0  |9 177715  |a ORI  |b ORI  |l 0  |o 894.8111 CHO  |p ORI6396T497  |r 2019-10-25  |w 2019-10-25  |y BK